[Event "Titled Tuesday intern op 16th Apr Early"]
[Site "Chess.com INT"]
[Date "2024.04.16"]
[Round "11"]
[White "Madaminov, Mukhiddin"]
[Black "Kislinsky, Alexey"]
[Result "1-0"]
[WhiteElo "2501"]
[BlackElo "2355"]
[PlyCount "45"]
[EventDate "2024.04.16"]
[EventType "swiss (blitz)"]
[EventRounds "11"]
[EventCountry "USA"]
[SourceTitle "CB17_2024"]
[SourceDate "2024.04.24"]
[SourceVersion "1"]
[SourceVersionDate "2024.04.24"]
[SourceQuality "1"]

1. e4 c5 2. Nf3 g6 3. d4 cxd4 4. Nxd4 Bg7 5. Nc3 Nc6 6. Be3 d6 7. Bc4 Nf6 8. f3 0-0 9. Bb3 a5 10. h4 h5 11. Qd2 Nxd4 12. Bxd4 Bd7 13. a4 Bc6 14. 0-0-0 Nd7 15. g4 hxg4 16. h5 Bxd4 17. hxg6 Bg7 18. Qh2 Nf6 19. e5 g3 20. Qxg3 Nd5 21. Nxd5 Bxd5 22. gxf7+ Bxf7 23. Rdg1 1-0

[Event "Titled Tuesday intern op 12th Mar Early"]
[Site "Chess.com INT"]
[Date "2024.03.12"]
[Round "5"]
[White "Madaminov, Mukhiddin"]
[Black "Bordi, Kevin Claude"]
[Result "1-0"]
[WhiteElo "2512"]
[BlackElo "2288"]
[PlyCount "119"]
[EventDate "2024.03.12"]
[EventType "swiss (blitz)"]
[EventRounds "11"]
[EventCountry "USA"]
[SourceTitle "CB12_2024"]
[SourceDate "2023.10.01"]
[SourceVersion "1"]
[SourceVersionDate "2023.10.01"]
[SourceQuality "1"]

1. e4 d5 2. exd5 Qxd5 3. Nc3 Qa5 4. d4 Nf6 5. Nf3 c6 6. Ne5 Be6 7. Nc4 Bxc4 8. Bxc4 e6 9. 0-0 Bd6 10. Qe2 0-0 11. Ne4 Nxe4 12. Qxe4 Nd7 13. c3 Rfe8 14. Qf3 Nf6 15. g3 Qf5 16. Qxf5 exf5 17. Kg2 g6 18. Be3 Kg7 19. Rae1 a5 20. a4 Re7 21. Bc1 Rae8 22. Rxe7 Rxe7 23. f3 h6 24. Kf2 f4 25. g4 g5 26. Re1 Rxe1 27. Kxe1 Nd5 28. Ke2 f5 29. gxf5 Kf6 30. Bd3 Ne3 31. Be4 Nxf5 32. Bd2 Ne3 33. b4 Nc4 34. Be1 Bc7 35. d5 cxd5 36. Bxd5 Nd6 37. c4 axb4 38. c5 Nf5 39. Bxb4 b6 40. cxb6 Bxb6 41. a5 Ba7 42. a6 Nd4+ 43. Kd3 Ke5 44. Bb7 Ne6 45. h3 h5 46. Bc3+ Kd6 47. Bf6 Nc5+ 48. Kc4 Ne6 49. Bd5 Nc7 50. Bb7 Ne6 51. Bc8 g4 52. hxg4 hxg4 53. fxg4 f3 54. Bb7 f2 55. Bg2 Nc7 56. g5 Ke6 57. Bd8 Nxa6 58. g6 Nb8 59. Bh3+ Kd6 60. g7 1-0

[Event "Titled Tuesday intern op 12th Mar Early"]
[Site "Chess.com INT"]
[Date "2024.03.12"]
[Round "3"]
[White "Madaminov, Mukhiddin"]
[Black "Yanchenko, Roman"]
[Result "0-1"]
[WhiteElo "2512"]
[BlackElo "2466"]
[PlyCount "182"]
[EventDate "2024.03.12"]
[EventType "swiss (blitz)"]
[EventRounds "11"]
[EventCountry "USA"]
[SourceTitle "CB12_2024"]
[SourceDate "2023.10.01"]
[SourceVersion "1"]
[SourceVersionDate "2023.10.01"]
[SourceQuality "1"]

1. e4 e6 2. d4 d5 3. e5 c5 4. c3 Qb6 5. Nf3 Bd7 6. Be2 Bb5 7. dxc5 Bxc5 8. b4 Bf8 9. Be3 Bxe2 10. Qxe2 Qc7 11. 0-0 Ne7 12. Na3 a6 13. c4 Nbc6 14. Bc5 g6 15. Bd6 Qb6 16. b5 Na5 17. Rab1 Nxc4 18. Nxc4 dxc4 19. Qxc4 Nd5 20. bxa6 Qxa6 21. Qxa6 bxa6 22. Bxf8 Kxf8 23. Rb7 h6 24. Rc1 Kg7 25. Nd4 Rhe8 26. g3 Kf8 27. Rc6 Re7 28. Rb3 Rd7 29. Ra3 Ne7 30. Rd6 Rxd6 31. exd6 Nf5 32. Nxf5 gxf5 33. Rb3 a5 34. a4 Kg7 35. Kg2 Kf6 36. f4 Rd8 37. Rb6 Rc8 38. Rb2 Rd8 39. Rb6 Rc8 40. Kf3 Rc5 41. Ke3 Rd5 42. Ra6 h5 43. Rb6 Kg6 44. Ra6 h4 45. Rc6 h3 46. Rb6 f6 47. Rb5 Rxd6 48. Rxa5 Rc6 49. Ra8 Rc2 50. a5 Rxh2 51. a6 Ra2 52. Rh8 Rxa6 53. Rxh3 Ra3+ 54. Kf2 e5 55. Rh8 Ra2+ 56. Ke3 Ra3+ 57. Kf2 e4 58. Re8 Rf3+ 59. Kg2 Rc3 60. Re7 Rc2+ 61. Kh3 Rf2 62. Rd7 e3 63. Re7 e2 64. g4 Rf3+ 65. Kh4 Rxf4 66. Rxe2 fxg4 67. Kg3 Kg5 68. Re8 Rf3+ 69. Kg2 f5 70. Rb8 Ra3 71. Rb4 Ra2+ 72. Kg1 f4 73. Rb8 f3 74. Kf1 Kf4 75. Ke1 Ra1+ 76. Kd2 f2 77. Rf8+ Kg3 78. Ke2 f1Q+ 79. Rxf1 Rxf1 80. Kxf1 Kh2 81. Kf2 g3+ 82. Kf3 g2 83. Kf4 g1Q 84. Kf5 Qe3 85. Kg4 Kg2 86. Kh5 Qg3 87. Kh6 Kf3 88. Kh7 Kf4 89. Kh8 Kf5 90. Kh7 Kf6 91. Kh8 Qg7# 0-1

[Event "Moscow Aeroflot op-A"]
[Site "Moscow"]
[Date "2024.03.07"]
[Round "9"]
[White "Madaminov, Mukhiddin"]
[Black "Shubin, Kirill"]
[Result "1/2-1/2"]
[WhiteElo "2512"]
[BlackElo "2458"]
[PlyCount "64"]
[EventDate "2024.03.03"]
[EventType "swiss"]
[EventRounds "9"]
[EventCountry "RUS"]
[SourceTitle "CB11_2024"]
[SourceDate "2024.03.13"]
[SourceVersion "1"]
[SourceVersionDate "2024.03.13"]
[SourceQuality "1"]

1. e4 e6 2. d4 d5 3. e5 c5 4. c3 Nc6 5. Nf3 Qb6 6. a3 Nh6 7. Bd3 Bd7 8. Bc2 cxd4 9. cxd4 Nf5 10. Bxf5 exf5 11. Nc3 Be6 12. b4 h6 13. h4 Be7 14. Qd3 Rc8 15. Bd2 a6 16. 0-0 0-0 17. Rfc1 Na7 18. Be3 Rc6 19. Ne2 Rfc8 20. Rc5 Qd8 21. h5 Bxc5 22. dxc5 d4 23. Nfxd4 Nb5 24. Qb1 Nxd4 25. Nxd4 R6c7 26. Nxf5 Bxf5 27. Qxf5 Qd5 28. Re1 Rd8 29. f3 Rcd7 30. Bf2 Qe6 31. Qe4 Qc6 32. e6 Qxe4 1/2-1/2

[Event "Moscow Aeroflot op-A"]
[Site "Moscow"]
[Date "2024.03.04"]
[Round "3"]
[White "Madaminov, Mukhiddin"]
[Black "Gasparyan, Erik R"]
[Result "0-1"]
[WhiteElo "2512"]
[BlackElo "2364"]
[PlyCount "64"]
[EventDate "2024.03.03"]
[EventType "swiss"]
[EventRounds "9"]
[EventCountry "RUS"]
[SourceTitle "CB11_2024"]
[SourceDate "2024.03.13"]
[SourceVersion "1"]
[SourceVersionDate "2024.03.13"]
[SourceQuality "1"]

1. e4 e5 2. Nf3 Nc6 3. Bb5 a6 4. Ba4 Bc5 5. c3 Nge7 6. d4 exd4 7. cxd4 Bb4+ 8. Nc3 d5 9. 0-0 dxe4 10. Nxe4 0-0 11. h3 Bf5 12. Nc3 Qd6 13. Bb3 Rad8 14. a3 Ba5 15. Bg5 Qg6 16. Re1 Bxh3 17. gxh3 h6 18. Bc2 f5 19. Bb3+ Kh8 20. h4 hxg5 21. hxg5 Qh5 22. Re3 f4 23. Re4 Bb6 24. Be6 Nf5 25. Nd5 Nfxd4 26. Nxd4 Qxg5+ 27. Kf1 Bxd4 28. Qf3 Rxd5 29. Ke2 g6 30. Rh1+ Kg7 31. Bxd5 Qxd5 32. Rxf4 Qe5+ 0-1

[Event "Titled Tuesday intern op 13th Feb Early"]
[Site "Chess.com INT"]
[Date "2024.02.13"]
[Round "9"]
[White "Duda, Jan Krzysztof"]
[Black "Madaminov, Mukhiddin"]
[Result "0-1"]
[WhiteElo "2732"]
[BlackElo "2512"]
[PlyCount "114"]
[EventDate "2024.02.13"]
[EventType "swiss (blitz)"]
[EventRounds "11"]
[EventCountry "USA"]
[SourceTitle "CB08_2024"]
[SourceDate "2024.02.21"]
[SourceVersion "1"]
[SourceVersionDate "2024.02.21"]
[SourceQuality "1"]

1. e4 e5 2. Nf3 Nf6 3. Nxe5 d6 4. Nf3 Nxe4 5. Nc3 Nxc3 6. dxc3 Be7 7. Be3 0-0 8. Qd2 Nd7 9. 0-0-0 Nf6 10. Kb1 Re8 11. h4 d5 12. c4 c6 13. Ng5 h6 14. Nf3 Bf8 15. cxd5 Nxd5 16. Bd4 Bf5 17. Bd3 Bxd3 18. Qxd3 Nf4 19. Qf5 Ne6 20. Ng5 Nxg5 21. Bxg7 Qc8 22. Qxc8 Raxc8 23. Bxf8 Kxf8 24. hxg5 hxg5 25. Rd7 Re7 26. Rh8+ Kg7 27. Rxe7 Rxh8 28. a4 Rh2 29. g3 Rxf2 30. Rxb7 Rf3 31. Rxa7 Rxg3 32. Ra5 g4 33. Rg5+ Kh6 34. Rc5 Re3 35. Rxc6+ Kg5 36. Rc8 f5 37. Rg8+ Kh4 38. a5 f4 39. Rh8+ Kg3 40. a6 Re7 41. b4 f3 42. Rf8 Kf2 43. b5 g3 44. b6 g2 45. Rg8 g1Q+ 46. Rxg1 Kxg1 47. a7 f2 48. a8Q f1Q+ 49. Kb2 Qf6+ 50. Ka2 Qe6+ 51. Ka1 Qe5+ 52. Ka2 Qe6+ 53. Ka1 Qd7 54. Qg8+ Kf2 55. Qc4 Qd6 56. Qb5 Qa3+ 57. Kb1 Re1# 0-1

[Event "Titled Tuesday intern op 13th Feb Early"]
[Site "Chess.com INT"]
[Date "2024.02.13"]
[Round "10"]
[White "Le, Tuan Minh"]
[Black "Madaminov, Mukhiddin"]
[Result "1-0"]
[WhiteElo "2567"]
[BlackElo "2512"]
[PlyCount "71"]
[EventDate "2024.02.13"]
[EventType "swiss (blitz)"]
[EventRounds "11"]
[EventCountry "USA"]
[SourceTitle "CB08_2024"]
[SourceDate "2024.02.21"]
[SourceVersion "1"]
[SourceVersionDate "2024.02.21"]
[SourceQuality "1"]

1. d4 Nf6 2. Nf3 d5 3. Bf4 e6 4. e3 Bd6 5. Nbd2 c5 6. c3 0-0 7. Bd3 Nc6 8. Bg3 h6 9. Qe2 b6 10. e4 dxe4 11. Nxe4 Bxg3 12. Nxf6+ Qxf6 13. hxg3 Bb7 14. dxc5 bxc5 15. Qe4 Rfd8 16. 0-0-0 Na5 17. Qe3 Rac8 18. g4 Bxf3 19. gxf3 g5 20. Qe4 Kf8 21. Kb1 Nc6 22. Bb5 Ne5 23. Be2 Rxd1+ 24. Rxd1 Ng6 25. Qb7 Rd8 26. Qxa7 Rxd1+ 27. Bxd1 Qe5 28. Qa8+ Kg7 29. Qe4 Qh2 30. Qe3 Qg1 31. Kc2 c4 32. a4 Nf4 33. a5 Nd5 34. Qd4+ Kg8 35. a6 Nc7 36. a7 1-0

[Event "Titled Tuesday intern op 13th Feb Early"]
[Site "Chess.com INT"]
[Date "2024.02.13"]
[Round "3"]
[White "Madaminov, Mukhiddin"]
[Black "Gelman, Alexander"]
[Result "1-0"]
[WhiteElo "2512"]
[BlackElo "2403"]
[PlyCount "87"]
[EventDate "2024.02.13"]
[EventType "swiss (blitz)"]
[EventRounds "11"]
[EventCountry "USA"]
[SourceTitle "CB08_2024"]
[SourceDate "2024.02.21"]
[SourceVersion "1"]
[SourceVersionDate "2024.02.21"]
[SourceQuality "1"]

1. e4 c5 2. Nf3 e6 3. d4 cxd4 4. Nxd4 a6 5. Nc3 d6 6. g3 Nf6 7. Bg2 Be7 8. 0-0 Qc7 9. Re1 0-0 10. a4 Bd7 11. Qd2 Nc6 12. Nxc6 Bxc6 13. b3 b5 14. Bb2 h6 15. h3 b4 16. Na2 a5 17. Rad1 d5 18. Bxf6 Bxf6 19. exd5 Bxd5 20. Bxd5 exd5 21. Re2 Ra6 22. Qf4 Qxf4 23. gxf4 d4 24. Nc1 Rc8 25. Nd3 Rac6 26. Ne1 Rc5 27. Kg2 g6 28. Rdd2 Kg7 29. Nd3 R5c6 30. Nb2 d3 31. Nxd3 Bc3 32. Rd1 Bf6 33. Ne1 Bc3 34. Nf3 Bf6 35. Rdd2 Rc3 36. Ne1 R8c5 37. Rd3 Rf5 38. Rxc3 Bxc3 39. Nd3 Rd5 40. Kf3 Bf6 41. Re8 Rd7 42. Rc8 h5 43. Rc5 Bd8 44. f5 1-0

[Event "Titled Tuesday intern op 13th Feb Early"]
[Site "Chess.com INT"]
[Date "2024.02.13"]
[Round "11"]
[White "Madaminov, Mukhiddin"]
[Black "Lazavik, Denis"]
[Result "0-1"]
[WhiteElo "2512"]
[BlackElo "2567"]
[PlyCount "104"]
[EventDate "2024.02.13"]
[EventType "swiss (blitz)"]
[EventRounds "11"]
[EventCountry "USA"]
[SourceTitle "CB08_2024"]
[SourceDate "2024.02.21"]
[SourceVersion "1"]
[SourceVersionDate "2024.02.21"]
[SourceQuality "1"]

1. e4 c5 2. Nf3 e6 3. d4 cxd4 4. Nxd4 Nc6 5. Nc3 Qc7 6. g3 a6 7. Bg2 Bc5 8. Nxc6 dxc6 9. 0-0 e5 10. Na4 Ba7 11. c4 b5 12. cxb5 axb5 13. Nc3 Nf6 14. Qc2 Qd6 15. Rd1 Qe6 16. h3 0-0 17. Kh2 Bb7 18. b3 Rfd8 19. Bb2 h5 20. Rxd8+ Rxd8 21. Rd1 Rd4 22. a4 Qd7 23. axb5 cxb5 24. Nd5 Rxd1 25. Qxd1 Bxd5 26. exd5 Bb8 27. Qc2 h4 28. Qc6 Qd8 29. Qa8 hxg3+ 30. fxg3 Qe8 31. Bc3 e4 32. Bxf6 Bxg3+ 33. Kxg3 Qxa8 34. Bd4 Qxd5 35. Be3 Qxb3 36. Kf4 b4 37. Bxe4 Qc4 38. Kf3 b3 39. Bd2 b2 40. Ke3 Qxe4+ 41. Kxe4 b1Q+ 42. Kf3 Qf5+ 43. Ke2 f6 44. Be3 Qxh3 45. Bf2 Kf7 46. Ke1 Ke6 47. Ke2 Kf5 48. Bd4 Ke4 49. Bc5 Qg2+ 50. Ke1 g5 51. Kd1 Kd3 52. Ke1 Qe2# 0-1

[Event "Tashkent Schev 01"]
[Site "Tashkent"]
[Date "2024.01.28"]
[Round "9.1"]
[White "Madaminov, Mukhiddin"]
[Black "Novik, Maxim"]
[Result "1-0"]
[WhiteElo "2488"]
[BlackElo "2399"]
[PlyCount "113"]
[EventDate "2024.01.23"]
[EventType "schev"]
[EventRounds "10"]
[EventCountry "UZB"]
[SourceTitle "CB05_2024"]
[SourceDate "2024.01.31"]
[SourceVersion "1"]
[SourceVersionDate "2024.01.31"]
[SourceQuality "1"]
[WhiteTeam "Uzbekistan"]
[BlackTeam "World"]
[WhiteTeamCountry "UZB"]

1. e4 c6 2. Nf3 d5 3. Nc3 dxe4 4. Nxe4 Nf6 5. Qe2 Nxe4 6. Qxe4 Nd7 7. Bc4 Nf6 8. Ne5 e6 9. Qe2 Bd6 10. d4 0-0 11. 0-0 Qc7 12. Re1 c5 13. dxc5 Qxc5 14. b3 b6 15. Bb2 Bb7 16. Bd3 Rad8 17. Rad1 Be7 18. c4 g6 19. h3 Rfe8 20. a3 Bf8 21. Nxg6 hxg6 22. Bxf6 Be7 23. Bb2 Qg5 24. Be4 Bxe4 25. Qxe4 Bf6 26. Bc1 Qh5 27. Qg4 Qxg4 28. hxg4 Bc3 29. Rf1 f6 30. Be3 Bb2 31. a4 Ba3 32. f3 Bc5 33. Kf2 e5 34. Ke2 Kf7 35. Rh1 Kg7 36. Bh6+ Kf7 37. Rxd8 Rxd8 38. Bd2 Kg7 39. b4 Bd4 40. Rd1 Rc8 41. Kd3 Rd8 42. Kc2 Rc8 43. Kb3 f5 44. gxf5 gxf5 45. Bc3 Bxc3 46. Rd7+ Kf6 47. Kxc3 Rg8 48. Rxa7 Rxg2 49. c5 bxc5 50. b5 Rg1 51. b6 Rb1 52. a5 e4 53. fxe4 f4 54. Rh7 Kg6 55. Rh8 Kg7 56. Rh4 Rb5 57. Kc4 1-0

[Event "Tashkent Schev 01"]
[Site "Tashkent"]
[Date "2024.01.25"]
[Round "4.1"]
[White "Novik, Maxim"]
[Black "Madaminov, Mukhiddin"]
[Result "1/2-1/2"]
[WhiteElo "2399"]
[BlackElo "2488"]
[PlyCount "94"]
[EventDate "2024.01.23"]
[EventType "schev"]
[EventRounds "10"]
[EventCountry "UZB"]
[SourceTitle "CB05_2024"]
[SourceDate "2024.01.31"]
[SourceVersion "1"]
[SourceVersionDate "2024.01.31"]
[SourceQuality "1"]
[WhiteTeam "World"]
[BlackTeam "Uzbekistan"]
[BlackTeamCountry "UZB"]

1. Nf3 Nf6 2. c4 e6 3. g3 d5 4. Bg2 Be7 5. 0-0 0-0 6. b3 c5 7. Bb2 Nc6 8. cxd5 Nxd5 9. d4 cxd4 10. Nxd4 Nxd4 11. Qxd4 Bf6 12. Qd2 Nf4 13. gxf4 Qxd2 14. Nxd2 Bxb2 15. Rad1 Bf6 16. Nc4 Rb8 17. Rd2 Rd8 18. Rxd8+ Bxd8 19. Rd1 Be7 20. Rd2 Kf8 21. Nd6 Bxd6 22. Rxd6 Ke7 23. Rd2 Bd7 24. Rc2 Rc8 25. Rxc8 Bxc8 26. Be4 a5 27. a3 h6 28. e3 Kd6 29. b4 b6 30. Kf1 Ba6+ 31. Ke1 axb4 32. axb4 e5 33. Kd2 g5 34. fxg5 hxg5 35. Kc3 Bc8 36. Kc4 f5 37. Bg2 Ba6+ 38. Kc3 Ke6 39. Bc6 Bf1 40. Bb7 Kf6 41. Bc8 Bb5 42. Bb7 g4 43. Bg2 f4 44. exf4 exf4 45. Bb7 Ke5 46. Bc8 Be2 47. Kd2 Bf3 1/2-1/2

[Event "Titled Tuesday intern op 16th Jan Early"]
[Site "Chess.com INT"]
[Date "2024.01.16"]
[Round "4"]
[White "Madaminov, Mukhiddin"]
[Black "Hakobyan, Aram"]
[Result "1-0"]
[WhiteElo "2488"]
[BlackElo "2616"]
[PlyCount "145"]
[EventDate "2024.01.16"]
[EventType "swiss (blitz)"]
[EventRounds "11"]
[EventCountry "USA"]
[SourceTitle "CB04_2024"]
[SourceDate "2023.10.16"]
[SourceVersion "1"]
[SourceVersionDate "2023.10.16"]
[SourceQuality "1"]

1. e4 e5 2. Nf3 Nc6 3. Bb5 a6 4. Ba4 d6 5. 0-0 Bd7 6. c3 Nge7 7. d4 Ng6 8. Re1 Be7 9. Nbd2 0-0 10. Nf1 Bg4 11. h3 Bxf3 12. Qxf3 b5 13. Bb3 exd4 14. Bd5 Nce5 15. Qd1 c6 16. cxd4 cxd5 17. dxe5 dxe4 18. exd6 Bxd6 19. Be3 Ne5 20. Bf4 Nd3 21. Bxd6 Qxd6 22. Rxe4 Rad8 23. Qe2 g6 24. b3 Qf6 25. Rd1 Qxf2+ 26. Qxf2 Nxf2 27. Rxd8 Nxe4 28. Rd4 Nc3 29. Rd2 Re8 30. a3 Re1 31. Rd3 Rc1 32. g4 Ne4 33. Kg2 Nc5 34. Re3 a5 35. b4 axb4 36. axb4 Ne6 37. h4 Rc4 38. Kg3 Rxb4 39. Nd2 Nc5 40. Re5 Ne6 41. Ne4 Kg7 42. Nd6 Rb3+ 43. Kf2 b4 44. Ne8+ Kf8 45. Nf6 Rb2+ 46. Kg3 h6 47. Rb5 Ke7 48. Rxb4 Rxb4 49. Nd5+ Kd6 50. Nxb4 Nc5 51. Kf4 f6 52. Nc2 Nd3+ 53. Ke4 Nc5+ 54. Kf4 Kd5 55. Ne3+ Kd4 56. Nc2+ Kd3 57. Nb4+ Kc4 58. Nc6 Ne6+ 59. Ke4 Nc5+ 60. Kf4 Nd3+ 61. Ke4 Nf2+ 62. Kf3 Nd3 63. Ke4 g5 64. h5 Nf2+ 65. Kf5 Kd5 66. Ne7+ Kd6 67. Ng8 Kd7 68. Nxh6 Ke7 69. Ng8+ Kf7 70. Nxf6 Nh1 71. Ne4 Kg7 72. Kxg5 Kh7 73. Kh4 1-0

[Event "Titled Tuesday intern op 16th Jan Early"]
[Site "Chess.com INT"]
[Date "2024.01.16"]
[Round "9"]
[White "Madaminov, Mukhiddin"]
[Black "Vokhidov, Shamsiddin"]
[Result "1-0"]
[WhiteElo "2488"]
[BlackElo "2596"]
[PlyCount "105"]
[EventDate "2024.01.16"]
[EventType "swiss (blitz)"]
[EventRounds "11"]
[EventCountry "USA"]
[SourceTitle "CB04_2024"]
[SourceDate "2023.10.16"]
[SourceVersion "1"]
[SourceVersionDate "2023.10.16"]
[SourceQuality "1"]

1. e4 c5 2. Nf3 e6 3. d4 cxd4 4. Nxd4 Nc6 5. Nc3 Qc7 6. g3 a6 7. Bg2 h5 8. 0-0 h4 9. Re1 hxg3 10. hxg3 d6 11. Nxc6 bxc6 12. e5 d5 13. Na4 Bb7 14. c4 dxc4 15. Qc2 c5 16. Qxc4 Rd8 17. Nc3 Rd4 18. Qe2 Bxg2 19. Kxg2 Qc6+ 20. f3 Ne7 21. Be3 Rb4 22. Rad1 Nf5 23. Bf2 Be7 24. Ne4 c4 25. g4 Nh4+ 26. Bxh4 Rxh4 27. Rd2 Rb5 28. Qf2 Kf8 29. Red1 Rxg4+ 30. fxg4 Qxe4+ 31. Qf3 Qxe5 32. Qa8+ Rb8 33. Rd8+ Bxd8 34. Rxd8+ Ke7 35. Rxb8 Qe2+ 36. Kg3 Qe1+ 37. Kf3 Qd1+ 38. Ke3 Qd3+ 39. Kf2 Qd2+ 40. Kg3 Qe1+ 41. Kh3 Qe3+ 42. Kh2 Qd2+ 43. Qg2 Qh6+ 44. Kg1 Qc1+ 45. Kh2 Qh6+ 46. Kg3 Qe3+ 47. Qf3 Qe1+ 48. Kh3 Qe5 49. Rb7+ Kd6 50. Rxf7 Qe1 51. Qg3+ Qxg3+ 52. Kxg3 c3 53. bxc3 1-0